Normal view
MARC view
- عيسى، موسى آدم
Entry Personal Name
001 - CONTROL NUMBER
- control field: 56565
003 - CONTROL NUMBER IDENTIFIER
- control field: JO-AjAnu
005 - DATE AND TIME OF LATEST TRANSACTION
- control field: 20230606083253.0
008 - FIXED-LENGTH DATA ELEMENTS
- fixed length control field: 230606|| aca||aabn | a|a d
040 ## - CATALOGING SOURCE
- Original cataloging agency: JO-AjAnu
- Transcribing agency: JO-AjAnu
100 ## - HEADING--PERSONAL NAME
- Personal name: عيسى، موسى آدم
670 ## - SOURCE DATA FOUND
- Source citation: Work cat.: (JO-AjAnu)28863: عيسى، موسى آدم, author, آثار التغيرات في قيمة النقود وكيفية معالجتها في الإقتصاد الإسلامي : الكتاب الأول